World Development Indicators 2007 (Record no. 14122)

000 -LEADER
fixed length control field 01400cam a22003014a 4500
020 ## - INTERNATIONAL STANDARD BOOK NUMBER
ISBN 0821369598
020 ## - INTERNATIONAL STANDARD BOOK NUMBER
ISBN 9780821369609
040 ## - CATALOGING SOURCE
Transcribing agency DLC
082 ## - DEWEY DECIMAL CLASSIFICATION NUMBER
Classification number 303 WOR 2007 A066 Or.
110 2# - MAIN ENTRY--CORPORATE NAME
Corporate name or jurisdiction name as entry element World Bank.
245 10 - TITLE STATEMENT
Title World Development Indicators 2007
260 ## - PUBLICATION, DISTRIBUTION, ETC. (IMPRINT)
Place of publication Washington, D.C. :
Name of publisher The World Bank,
Year of publication 2007.
300 ## - PHYSICAL DESCRIPTION
Number of Pages 1 online resource (426 p.)
490 1# - SERIES STATEMENT
Series statement World Development Indicators
520 3# - SUMMARY, ETC.
Summary, etc World Development Indicators is the World Bank's premier annual compilation of data about development. This indispensable statistical reference allows you to consult over 900 indicators for some 150 economies and 14 country groups in more than 80 tables. It provides a current overview of the most recent data available as well as important regional data and income group analysis in six thematic sections: World View, People, Environment, Economy, States and Markets, and Global Links.
650 #4 - SUBJECT ADDED ENTRY--TOPICAL TERM
Topical Term Environment.
650 #4 - SUBJECT ADDED ENTRY--TOPICAL TERM
Topical Term Environmental Economics and Policies.
650 #4 - SUBJECT ADDED ENTRY--TOPICAL TERM
Topical Term Finance and Financial Sector Development.
650 #4 - SUBJECT ADDED ENTRY--TOPICAL TERM
Topical Term Financial Literacy.
650 #4 - SUBJECT ADDED ENTRY--TOPICAL TERM
Topical Term Health Monitoring and Evaluation.
650 #4 - SUBJECT ADDED ENTRY--TOPICAL TERM
Topical Term Health, Nutrition and Population.
650 #4 - SUBJECT ADDED ENTRY--TOPICAL TERM
Topical Term Population Policies.
650 #4 - SUBJECT ADDED ENTRY--TOPICAL TERM
Topical Term Poverty Reduction.
650 #4 - SUBJECT ADDED ENTRY--TOPICAL TERM
Topical Term Pro-Poor Growth.
710 2# - ADDED ENTRY--CORPORATE NAME
Corporate name or jurisdiction name as entry element World Bank.
856 40 - ELECTRONIC LOCATION AND ACCESS
Uniform Resource Identifier http://elibrary.worldbank.org/content/book/9780821369593
942 ## - ADDED ENTRY ELEMENTS (KOHA)
Koha item type សៀវភៅភាសាអង់គ្លេស
952 ## - LOCATION AND ITEM INFORMATION (KOHA)
Withdrawn status [LOCAL, KOHA] 0
Holdings
Permanent Location Date acquired Koha item type Lost status Shelving location Barcode Current Location Full call number
Library Block A2017-10-06សៀវភៅភាសាអង់គ្លេស A066A21469Library Block A303 WOR 2007 A066 Or.
មជ្ឈមណ្ឌលឯការនៃសាកលវិទ្យាល័យភូមិន្ទកសិកម្មចំការដូង

Powered by Koha